Patriotism and empire

Αποθηκεύτηκε σε:
Λεπτομέρειες βιβλιογραφικής εγγραφής
Κύριος συγγραφέας: Robertson, J. M. (John Mackinnon) 1856-1933
Μορφή: Βιβλίο
Γλώσσα:English
Δημοσίευση: London : Routledge, 2000
Σειρά:The empire and its critics, 1899-1939 ; ; 1
Θέματα:
Ετικέτες: Προσθήκη ετικέτας
Δεν υπάρχουν, Καταχωρήστε ετικέτα πρώτοι!

MARC

LEADER 00000nam a2200000 i 4500
001 1/34387
008 030312s2000 eng d
020 |a 0415179459 (set) 
035 |l 10069686 
040 |a GR-MY-UA  |b gre  |e aacr 
041 0 |a eng 
082 0 |a 325.320941 
100 1 |a Robertson, J. M.  |q (John Mackinnon)  |d 1856-1933. 
245 1 0 |a Patriotism and empire /  |c John M. Robertson ; with a new introduction by Peter Cain 
260 |a London :   |b Routledge,   |c 2000 
300 |a viii, 208 p.;  |c 22 cm. 
490 1 |a The empire and its critics, 1899-1939  |v ; 1 
504 |a Includes index 
650 0 0 |a Imperialism. 
650 0 0 |a Patriotism. 
651 0 |a Great Britain  |x Colonies. 
651 0 |a Great Britain  |x Foreign relations  |y 1837-1901. 
651 0 |a Great Britain  |x Economic conditions  |y 19th century. 
830 0 |a The empire and its critics, 1899-1939 ;  |v ; 1 
852 |a INST  |b LESVOS  |e 20030312  |h 325.320941 ROB  |p 005100024678  |q 005100024678  |t BK  |y 0 
901 |a BIBL1-2003-1 
909 |a Λ  |b 103011 
922 |a 1ΕΛΗ  |b 200211  |c ΕΠΕΑΕΚ2/ΤΚΑ  |d ΠΑΠΑΣΩΤΗΡΙΟΥ & ΕΛΕΥΘΕΡΟΥΔΑΚΗΣ 
950 |a 117-2002-09-20 
970 |a ΧΡΙΣΤΟΦΑ  |b ΝΙΚΗ  |z 2003/03/12